English French Weights & Measures - Statistics

General Stats
  • This quiz has been taken 5 times
  • The average score is 5 of 27
Answer Stats
English French % Correct
enough, quite assez
75%
low bas
75%
short court
75%
half (le d...) le demi
75%
fat gros
50%
narrow étroit
25%
high haut
25%
box, tin, can la boîte
25%
bottle la bouteille
25%
half (la m...) la moitié
25%
wide large
25%
slim, thin mince
25%
more de encore
0%
size (for shoes) la pointure
0%
size (for clothes) la taille
0%
slice la tranche
0%
piece le morceau
0%
number le nombre
0%
packet le paquet
0%
skinny, thin maigre
0%
medium, average (m) moyen
0%
medium, average (f) moyenne
0%
lots of pas mal de
0%
to weigh peser
0%
full of, lots of plein de
0%
sufficiently suffisamment
0%
too (much) trop
0%
No matching quizzes found
Score Distribution
Percent of People with Each Score
Percentile by Number Answered
Your Score History
You have not taken this quiz